Widok standardowy
Widok MARC
Pozycja Corporate Name
Liczba rekordów, w których użyto hasła: 1
001 - Numer kontrolny
- control field: 41045
003 - Identyfikator numeru kontrolnego
- control field: NUKAT
005 - Data i czas ostatniej modyfikacji
- control field: 20260430134002.0
008 - Dane kontrolne kodowane (40 znaków)
- fixed length control field: 081222n||azznnbabn |a ana |
010 ## - Numer kontrolny Biblioteki Kongresu
- numer kontrolny LC: p 2008073078
035 ## - Numer systemowy
- numer systemowy: a22488297
040 ## - Instytucja sporządzająca rekord
- inst. przygot. dane do rek. khw: WA N
- język haseł przedmiotowych/tezaurus: DBN
- inst. wprow. rek. khw: WA N
110 2# - Hasło - nazwa ciała zbiorowego
- nazwa ciała zbior. lub geogr. na pocz.: Rada Adwokacka (Izba Adwokacka ; Warszawa)
410 2# - Trop zob. - nazwa ciała zbiorowego
- nazwa ciała zbior. lub geogr. na pocz.: Izba Adwokacka (Warszawa).
- nazwa jednostki podrzędnej: Rada Adwokacka
410 2# - Trop zob. - nazwa ciała zbiorowego
- nazwa ciała zbior. lub geogr. na pocz.: Rada Adwokacka Izby Adwokackiej w Warszawie
410 2# - Trop zob. - nazwa ciała zbiorowego
- nazwa ciała zbior. lub geogr. na pocz.: Rada Adwokacka w Warszawie
451 ## - Trop zob. - nazwa geograficzna
- nazwa geograficzna: Warszawa
- określnik rzeczowy: Rada Adwokacka Izby Adwokackiej
510 2# - Trop zob. też - nazwa ciała zbiorowego
- podpole kontrolne: g
- nazwa ciała zbior. lub geogr. na pocz.: Izba Adwokacka (Warszawa)
670 ## - Źródło informacji
- źródło informacji: Regulamin Rady Adwokackiej w Warszawie z dnia 4 kwietnia 1933 r. i Regulamin Sądu Dyscyplinarnego Izby Adwokackiej Warszawskiej. - Warszawa, 1933